Statistics for Family languages in Europe

Click here to take the quiz!

General Stats

  • This quiz has been taken 93 times
    (60 since last reset)
  • The average score is 8 of 11

Answer Stats

Family% Correct
Romance
98%
Germanic
98%
Slavic
94%
Uralic
75%
Celtic
69%
Albanian
67%
Basque
65%
Turkic
65%
Baltic
63%
Hellenic
52%
Semitic
46%

Score Distribution

Percentile by Number Answered

Percent of People with Each Score

Your Score History

You have not taken this quiz since the last reset